Teuerste Transferzugänge der Bundesliga 11/12 - Statistiken

Allgemein
  • Dieses Quiz wurde 30 mal gespielt
  • Das Durchschnittsergebnis liegt bei 5 aus 10
Antwortstatistiken
Name Abgebender Verein Aufnehmender Verein Ablöse % Korrekt
1 Manuel Neuer FC Schalke 04 Bayern München 30,00 Mio
100%
3 Jerome Boateng Manchester City Bayern München 13,50 Mio
78%
9 Ilkay Gündogan 1.FC Nürnberg Borussia Dortmund 5,50 Mio
67%
2 Andre Schürrle Mainz 05 Bayer Leverkusen 14,00 Mio
52%
8 Rafinha Genua CFC Bayern München 5,50 Mio
44%
5 Ricardo Rodriguez FC Zürich VfL Wolfsburg 8,50 Mio
41%
10 Mehmet Ekici Bayern München Werder Bremen 5,00 Mio
30%
4 Christan Träsch VfB Stuttgart VfL Wolfsburg 9,00 Mio
22%
6 Bernd Leno VfB Stuttgart Bayer 04 Leverkusen 7,80 Mio
19%
7 Giovanni Sio FC Sion VfL Wolfsburg 5,80 Mio
11%
Keine übereinstimmenden Quizze gefunden
Verteilung der Resultate
Anzahl Personen mit jedem Resultat
Perzentil nach korrekt beantworteten Fragen
Ihre Resultats-Entwicklung
Sie haben dieses Quiz noch nicht gespielt